| 000 | 01747 a2200313 4500 | ||
|---|---|---|---|
| 999 |
_c10728 _d10728 |
||
| 020 | _a9780781798761 | ||
| 050 |
_aQP40 _bCOS 2011 |
||
| 100 |
_aCostanzo, Linda S. _d1947- _eauthor |
||
| 245 |
_aPhysiology / _cLinda S. Costanzo |
||
| 250 | _aFifth edition | ||
| 264 |
_aPhiladelphia : _bWolters Kluwer, _c2011 |
||
| 300 |
_axiii, 314 pages : _billustrations |
||
| 336 |
_2rdacontent _atext _btxt |
||
| 337 |
_2rdacontent _aunmediated _bn |
||
| 338 |
_2rdacarrier _avolume _bnc |
||
| 440 | _aBoard review series | ||
| 500 | _aExamination Questions | ||
| 504 | _aIncludes bibliographical references and index | ||
| 505 | _aCell physiology Neurophysiology Cardiovascular physiology Respiratory physiology Renal and acid-base physiology Gastrointestinal physiology Endocrine physiology | ||
| 520 | _aThe book concisely reviews key physiological principles and includes clinical correlations throughout to emphasize connections between basic physiology and clinical medicine. Numerous illustrations, tables, and flow charts help students visualize material quickly and aid in long-term retention. End-of-chapter USMLE-style questions and a comprehensive end-of-book exam test the student's problem-solving skills, and clearly explained answers guide the student through the correct steps in reasoning. This edition feature increased coverage of pathophysiology, updated content and questions, and a new full-color design and artwork | ||
| 650 | _a Examination Questions | ||
| 650 | _aExaminations | ||
| 650 | _aHuman physiology | ||
| 650 | _aHuman physiology Examinations, questions, etc | ||
| 650 | _aPhysiological Phenomena | ||
| 650 | _aPhysiology | ||
| 650 | _aphysiology | ||
| 942 |
_2lcc _cBK _eFifth edition _h40 _iCOS _kQP |
||